| 000 | 01169nam a2200301 a 4500 | ||
|---|---|---|---|
| 999 |
_c174020 _d174020 |
||
| 003 | BLK | ||
| 005 | 20250129005528.0 | ||
| 008 | 180411b bul|||||r ||||||| ||bul|| | ||
| 010 | _aKNG00182466000 | ||
| 040 | _aBLK | ||
| 041 |
_aBUL _cBUL |
||
| 080 |
_aБългарска литература _b821.163.2 _x-1 _z821.163.2-1 |
||
| 100 |
_aСтрумски, Георги _d1932 - 2013 _gПисател, поет, преводач от руски език. _qЙорданов, Георги Асенов _9375654 |
||
| 139 |
_aСтрумски, Георги _bС 87 |
||
| 245 | 1 | 0 |
_aПод листопад и цветопад _bИзбрани стихотворения _cГеорги Струмски. |
| 257 | _aBGR | ||
| 260 |
_aСофия _bБълг. писател _c1982 _fВ. Търново : Д. Найденов |
||
| 300 |
_a215 с., 1 л. _bпортр. _c21 см |
||
| 380 | _aX | ||
| 500 | _aПодв. - 2 113 тир. | ||
| 852 | _aЦб 113291 | ||
| 856 | 4 | _qpdf | |
| 856 | 4 | _qpdf | |
| 942 |
_cKNG _n0 _s1 |
||
| 944 |
_aCR _c24.09.2015 _k _lCRON CRON |
||
| 944 |
_aED _c12.09.2017 _kВася_Ганчева |
||
| 999 | _d174020 | ||